Patrologia Orientalis. (Record no. 183968)
[ view plain ]
| 000 -LEADER | |
|---|---|
| campo de control de longitud fija | 01392nam a2200253 i 4500 |
| 001 - NÚMERO DE CONTROL | |
| campo de control | 183968 |
| 003 - IDENTIFICADOR DE NÚMERO DE CONTROL | |
| campo de control | ES-MaACL |
| 005 - FECHA Y HORA DE LA ÚLTIMA TRANSACCIÓN | |
| campo de control | 20251207122510.0 |
| 008 - DATOS DE LONGITUD FIJA--INFORMACIÓN GENERAL | |
| campo de control de longitud fija | 150121s1907 fr |||| | fre d |
| 245 00 - MENCIÓN DEL TÍTULO | |
| Título | Patrologia Orientalis. |
| Número de parte o sección de la obra | Tomus secundus / |
| Mención de responsabilidad, etc. | [publié par] R. Graffin, F. Nau. |
| 260 ## - PUBLICACIÓN, DISTRIBUCIÓN, ETC. | |
| Lugar de publicación, distribución, etc. | Paris : |
| Nombre del editor, distribuidor, etc. | Firmin-Didot et Cie, |
| Fecha de publicación, distribución, etc. | 1907. |
| 300 ## - DESCRIPCIÓN FÍSICA | |
| Extensión | 688 p. ; |
| Dimensiones | 28 cm. |
| 505 8# - NOTA DE CONTENIDO CON FORMATO | |
| Nota de contenido con formato | Contiene: I. Vie de Sévère, par Zacharie le scholastique / publiée, traduite et annotée par M.-A Kugener - II, Les évangiles des douze apôtres et de saint Barthélemy / édités et traduits par le Dr. E. Revillout - III. Vie de Sévère par Jean, supérieur du monastère de Beith Aphtonia / publiée et traduite par M.A Kugener - IV. Les versions grecques des actes des martyres persans sous Sapor II / textes et traductions publiées par H. Delehaye S.J. - V. Le livre de Job / publié et traduit Francisco Maria Esteves Pereira |
| 650 ## - PUNTO DE ACCESO ADICIONAL DE MATERIA--TÉRMINO DE MATERIA | |
| Término de materia o nombre geográfico como elemento de entrada | Patrística. |
| 9 (RLIN) | 15895 |
| 650 07 - PUNTO DE ACCESO ADICIONAL DE MATERIA--TÉRMINO DE MATERIA | |
| Término de materia o nombre geográfico como elemento de entrada | Literatura cristiana primitiva |
| Fuente del encabezamiento o término | embne |
| 9 (RLIN) | 14529 |
| 700 1# - ENTRADA AGREGADA--NOMBRE PERSONAL | |
| Nombre de persona | Kugener, Marc-Antoine ( |
| Fechas asociadas al nombre | 1873-1941) |
| 9 (RLIN) | 156164 |
| 700 1# - ENTRADA AGREGADA--NOMBRE PERSONAL | |
| Nombre de persona | Revillout, Eugéne. |
| 9 (RLIN) | 96448 |
| 700 1# - ENTRADA AGREGADA--NOMBRE PERSONAL | |
| Nombre de persona | Delehaye, Hippolite. |
| 9 (RLIN) | 43362 |
| 700 1# - ENTRADA AGREGADA--NOMBRE PERSONAL | |
| Nombre de persona | Pereira, Francisco María Esteves, |
| Fechas asociadas al nombre | 1854-1924 |
| 9 (RLIN) | 150790 |
| 700 1# - ENTRADA AGREGADA--NOMBRE PERSONAL | |
| Nombre de persona | Graffin, René, |
| Fechas asociadas al nombre | 1858-1941 |
| 9 (RLIN) | 156163 |
| 700 1# - ENTRADA AGREGADA--NOMBRE PERSONAL | |
| Nombre de persona | Nau, François. |
| 9 (RLIN) | 85006 |
| 852 ## - LOCALIZACIÓN | |
| Ubicación | ES-MaACL |
| Número de control de estantería | G-691 |
| Estatus retirado | Estado de pérdida | Estado de daño | No para préstamo | Biblioteca de origen | Biblioteca actual | Ubicación en estantería | Fecha de adquisición | Fuente de adquisición | Total de préstamos | Signatura topográfica completa | Código de barras | Visto por última vez | Precio de reemplazo | Tipo de ítem Koha |
|---|---|---|---|---|---|---|---|---|---|---|---|---|---|---|
| Biblioteca del Ateneo de Madrid | Biblioteca del Ateneo de Madrid | Depósito 2 | 21/01/2015 | G-691 | 1193453 | 23/02/2023 | 23/02/2023 | Libro impreso |
